Popular YouTubers by Hint - Statistics

General Stats
  • This quiz has been taken 144 times
  • The average score is 6 of 19
Answer Stats
Hint YouTuber Subscribers % Correct
Feastables, Squid Game, Billionaire MrBeast 207 Million
96%
V.S. T-Series, Gaming, Swedish PewDiePie 111 Million
79%
Trick Shots, Overtime, Purple Hoser Dude Perfect 59.8 Million
69%
Brother is Jake, Prime, Boxing Logan Paul 23.6 Million
69%
Minecraft Lava Man, Gaming, Brianna Preston 25.2 Million
43%
Amp Squad, Sister is Lexi Brent Rivera 27.3 Million
34%
Penny Series, Howdy, Awkwardly Social Ryan Trahan 13.8 Million
33%
Pizza Party, Pizzify Airrack 14.5 Million
30%
Magic, Optical Illusions, Vines Zach King 23.5 Million
28%
Medical TikTok Reactions Doctor Mike 11.3 Million
25%
Phat Gus, Glitter Bomb, Crunch Labs Mark Rober 27 Million
24%
James and Gabe, Minecraft Frog Unspeakable 16.5 Million
18%
Gaming, Conspiracies, FNAF Movie The Game Theorists 17.9 Million
17%
Photography, Daughter is Salish Jordan Matter 17.6 Million
16%
Baking, Nerdy Nummies, Husky Rosanna Pansino 14.4 Million
8%
Jack Black, Gaming, Vlogs Jablinski Games 5.04 Million
7%
Arts and Crafts, Ms. Munchie ZHC 25.4 Million
6%
Pranks, Must Have Snacks, Laugh Daily JStu 7.8 Million
2%
The Other Photography Guy Isaiah Photo 10.3 Million
1%
No matching quizzes found
Score Distribution
Percent of People with Each Score
Percentile by Number Answered
Your Score History
You have not taken this quiz